| 000 | 00507nam a2200145Ia 4500 | ||
|---|---|---|---|
| 008 | 180901s9999 xx 000 0 und d | ||
| 020 | _a9780323053082 | ||
| 100 | _aZiessma,Harver A. | ||
| 245 |
_cHarver A. Ziessman, Patrice Rehm.-- _aNuclear medicine : _bcase review / |
||
| 250 | _a2nd ed | ||
| 260 |
_aUSA : _bElsevier _c2011 |
||
| 300 |
_a422 pages : _billustrations. |
||
| 650 | _aMEDICAL -- Allied Health Services -- Radiological & Ultrasound Technology. | ||
| 650 | _aNuclear medicine -- Case studies. | ||
| 999 |
_c358509 _d358509 |
||